| 000 | 00319nam a22001217a 4500 | ||
|---|---|---|---|
| 040 | _cNust | ||
| 082 |
_a515.076 _bDON |
||
| 100 |
_aEugene Don _9125338 |
||
| 245 | _aHow to solve problems in Calculus | ||
| 260 |
_aBoston: _bMcGraw-Hill, _c2001. |
||
| 650 |
_aHow to solve problems in Calculus _9125339 |
||
| 942 |
_2ddc _cBK |
||
| 999 |
_c611095 _d611095 |
||